Aves asociadas a colorado Polylepis quadrijuga : (Registro nro. 18512)

Detalles MARC
000 -CABECERA
Campo de control 00900nam a2200217 u 4500
005 - FECHA Y HORA DE LA ULTIMA TRANSACCION
Campo de control 20160506161115.0
008 - ELEMENTOS DE LONGITUD FIJA—INFORMACION GENERAL
Campo de control 160506b2015 ck ao r|||| 00| 0 spa d
040 ## - FUENTE DE CATALOGACIÓN
Agencia catalogadora original CO-BoIAVH
Agencia transcriptora CO-BoIAVH
041 0# - IDIOMA
Código de idioma para texto/pista de sonido o título separado Español
044 ## - PAÍS DE PUBLICACIÓN
País de publicación Colombia
090 ## - CLASIFICACIÓN LOCAL
Colección FG-
Consecutivo 0049
245 00 - MENCION DE TITULO
Título Aves asociadas a colorado Polylepis quadrijuga :
Parte restante del título Parque Natural Regional Pan de Azúcar - El Consuelo
260 ## - PUBLICACION, DISTRIBUCION, ETC. (PIE DE IMPRENTA)
Lugar de publicación, distribución, etc. [Bogotá?]:
Nombre del editor, distribuidor, etc. Asociación para la reingenieria rural - RED VITAL,
-- Corpoboyacá,
Fecha de publicación, distribución, etc. [2015?].
300 ## - DESCRIPCION FISICA
Extensión 1 folleto :
Otros detalles físicos ilustraciones a color y fotografías a color ;
Dimensiones 22 x 10 centímetros
504 ## - NOTA DE BIBLIOGRAFIA, ETC.
Nota de bibliografía Incluye referencias bibliográficas.
650 16 - ASIENTO SECUNDARIO DE MATERIA - TERMINO TEMATICO
Término temático o nombre geográfico como elemento de entrada Aves
Subdivisión general clasificación
9 (RLIN) 67803
650 26 - ASIENTO SECUNDARIO DE MATERIA - TERMINO TEMATICO
Término temático o nombre geográfico como elemento de entrada Aves
Subdivisión general taxonomía
9 (RLIN) 67804
662 ## - ASIENTO SECUNDARIO DE MATERIA - JERARQUIA DEL NOMBRE DE LUGAR(
País o entidad mayor Colombia
Jurisdicción política de primer orden Boyacá (Departamento)
Jurisdicción política intermedia Parque Natural Regional Pan de Azúcar - El Consuelo
700 1# - ASIENTO SECUNDARIO - NOMBRE PERSONAL
Nombre personal Díaz Corredor, Sergio Alejandro
Término de relación fotografía
9 (RLIN) 67805
942 ## - ELEMENTOS ADICIONALES (KOHA)
Sistema de clasificación Local
Tipo de ítem Folleto
Existencias
Withdrawn status Lost status Sistema de Clasificación Damaged status No para préstamo Colección Inventariado Ubicación Permanente Ubicación actual Fecha de adquisición Total Checkouts Número topográfico Inventario / Código de Barras Date last seen Ejemplar Price effective from Forma de adquisición Tipo de material
    Dewey Decimal Classification     General Inventariado 2017 Bogotá Bogotá 06/05/2016   FG-0049 040177 06/05/2016 Ej. 1 06/05/2016 Donación Folleto
    Dewey Decimal Classification       Inventariado 2017 Villa de Leyva Villa de Leyva 06/05/2016   FG-0049 040178 06/05/2016 Ej. 2 06/05/2016 Donación Folleto